000
00204 a2200097 4500
001
8608
100
_a
M Amin
245
_a
Islamistions of laws in Pak
260
_a
_b
Sang-e-Meel
_c
090
_c
6931
_d
6931
942
_a
NUST-CAE
_c
M
_c
33524
999
_c
243681
_d
243681